[Event "CZE-chT2b 0001"]
[Site "Czech Republic"]
[Date "2001.??.??"]
[Round "?"]
[White "Vit, Jiri"]
[Black "Novacek, Jan"]
[Result "0-1"]
[WhiteElo "2055"]
[BlackElo "2155"]
[PlyCount "80"]
[EventDate "2000.??.??"]
[EventType "team"]
[EventRounds "11"]
[EventCountry "CZE"]
[SourceTitle "EXT 2003"]
[Source "ChessBase"]
[SourceDate "2002.11.25"]
[SourceVersion "1"]
[SourceVersionDate "2002.11.25"]
[SourceQuality "1"]

1. Nf3 d5 2. d4 c6 3. Bf4 Nf6 4. e3 Bg4 5. h3 Bh5 6. c4 dxc4 7. Bxc4 Nbd7 8. 0-0 e6 9. Nc3 Be7 10. Qe2 0-0 11. Rfd1 Nd5 12. Bh2 Nxc3 13. bxc3 Qa5 14. Rac1 a6 15. Bb3 Ba3 16. Rc2 Bg6 17. e4 Nf6 18. Nd2 b5 19. c4 Rfd8 20. cxb5 axb5 21. Rxc6 Rxd4 22. Bc7 Qb4 23. Bb6 Rd7 24. Bc5 Qc3 25. Nb1 Qb2 26. Re1 Qxe2 27. Rxe2 Bxc5 28. Rxc5 Nxe4 29. Rc1 b4 30. f3 Ng3 31. Ree1 Rad8 32. Kf2 Nf5 33. Rc4 Rd4 34. Rxd4 Nxd4 35. Nd2 Nxb3 36. Nxb3 Ra8 37. Rc1 Rxa2+ 38. Kg3 h5 39. Rc8+ Kh7 40. Rb8 Rb2 0-1

[Event "CZE-chT2b 0001"]
[Site "Czech Republic"]
[Date "2000.??.??"]
[Round "?"]
[White "Dufek, Jiri"]
[Black "Vit, Jiri"]
[Result "1-0"]
[WhiteElo "2250"]
[BlackElo "2070"]
[PlyCount "55"]
[EventDate "2000.??.??"]
[EventType "team"]
[EventRounds "11"]
[EventCountry "CZE"]
[SourceTitle "EXT 2003"]
[Source "ChessBase"]
[SourceDate "2002.11.25"]
[SourceVersion "1"]
[SourceVersionDate "2002.11.25"]
[SourceQuality "1"]

1. d4 d5 2. c4 e6 3. Nc3 Bb4 4. a3 Bxc3+ 5. bxc3 Nc6 6. e3 Na5 7. cxd5 exd5 8. Bd3 Ne7 9. f3 0-0 10. Ne2 h6 11. 0-0 Bf5 12. e4 Bh7 13. Nf4 c6 14. Ra2 b5 15. e5 Bxd3 16. Qxd3 Nc4 17. Nh5 Kh8 18. f4 g6 19. Nf6 Ng8 20. f5 Nxf6 21. exf6 Qxf6 22. Bxh6 Rfe8 23. Qh3 Kg8 24. Raf2 g5 25. Qh5 Ne3 26. Bxg5 Qh8 27. Qxh8+ Kxh8 28. Bf6+ 1-0

[Event "Ostrava op"]
[Site "Ostrava"]
[Date "1998.??.??"]
[Round "?"]
[White "Remes, Radek"]
[Black "Vit, Jiri"]
[Result "0-1"]
[WhiteElo "1985"]
[BlackElo "2075"]
[PlyCount "73"]
[EventDate "1998.??.??"]
[EventType "swiss"]
[EventRounds "10"]
[EventCountry "CZE"]
[SourceTitle "EXT 2006"]
[Source "ChessBase"]
[SourceDate "2005.11.24"]
[SourceVersion "1"]
[SourceVersionDate "2005.11.24"]
[SourceQuality "1"]

1. e4 c5 2. Nf3 d6 3. d4 cxd4 4. Nxd4 Nf6 5. Nc3 g6 6. Be2 Bg7 7. Be3 Nc6 8. 0-0 0-0 9. Kh1 d5 10. Nxc6 bxc6 11. e5 Nd7 12. f4 e6 13. Rf3 Qa5 14. Bd2 Qc7 15. Qe1 a5 16. Rh3 Re8 17. Qh4 Nf8 18. g4 Ba6 19. Bxa6 Rxa6 20. g5 Rb8 21. Nd1 c5 22. Bc1 Qc6 23. Nf2 Qb5 24. Kg2 Qe2 25. Re3 Qxc2 26. Rc3 Qe2 27. Rxc5 Rb4 28. Qg4 Qxg4+ 29. Nxg4 Ra8 30. Rc7 Rab8 31. b3 R8b7 32. Rxb7 Rxb7 33. Bd2 a4 34. b4 Rc7 35. Rc1 Rc4 36. Rxc4 dxc4 37. Ne3 0-1

[Event "CZE-chTV"]
[Site "Czech Republic"]
[Date "1998.??.??"]
[Round "?"]
[White "Taborsky, Rostislav"]
[Black "Vit, Jiri"]
[Result "1/2-1/2"]
[WhiteElo "2165"]
[BlackElo "2075"]
[PlyCount "80"]
[EventDate "1998.??.??"]
[EventType "team"]
[EventRounds "11"]
[EventCountry "CZE"]
[SourceTitle "EXT 2003"]
[Source "ChessBase"]
[SourceDate "2002.11.25"]
[SourceVersion "1"]
[SourceVersionDate "2002.11.25"]
[SourceQuality "1"]

1. e4 d5 2. exd5 Qxd5 3. Nc3 Qd6 4. d4 Nf6 5. Nf3 Bg4 6. h3 Bxf3 7. Qxf3 c6 8. Qf4 e6 9. Bd3 Nbd7 10. 0-0 0-0-0 11. Qxd6 Bxd6 12. Ne4 Nxe4 13. Bxe4 Nf6 14. Bf3 h6 15. Rb1 Bc7 16. c3 Nd5 17. Rd1 Rd7 18. Bd2 Rhd8 19. b4 b5 20. a4 a6 21. Rdc1 Bd6 22. c4 bxc4 23. Rxc4 Rc7 24. Rbc1 Kd7 25. Rb1 Rb8 26. Bxd5 cxd5 27. Rxc7+ Kxc7 28. Kf1 Rb6 29. Ke2 Rc6 30. Kd3 Rc4 31. g4 a5 32. bxa5 Rxa4 33. Rc1+ Kb7 34. Rb1+ Ka7 35. h4 Ra3+ 36. Ke2 Bc7 37. Rc1 Kb7 38. Rb1+ Ka7 39. Rc1 Kb7 40. Rb1+ Ka7 1/2-1/2

[Event "Ostrava op"]
[Site "Ostrava"]
[Date "1998.??.??"]
[Round "?"]
[White "Vit, Jiri"]
[Black "Snopek, Jiri"]
[Result "1/2-1/2"]
[WhiteElo "2075"]
[BlackElo "1945"]
[PlyCount "24"]
[EventDate "1998.??.??"]
[EventType "swiss"]
[EventRounds "10"]
[EventCountry "CZE"]
[SourceTitle "EXT 2006"]
[Source "ChessBase"]
[SourceDate "2005.11.24"]
[SourceVersion "1"]
[SourceVersionDate "2005.11.24"]
[SourceQuality "1"]

1. d4 d5 2. Nf3 Nf6 3. c4 e6 4. Nc3 c6 5. e3 Be7 6. Bd3 0-0 7. 0-0 Nbd7 8. e4 dxe4 9. Nxe4 Nxe4 10. Bxe4 Nf6 11. Bc2 c5 12. dxc5 Bxc5 1/2-1/2

[Event "Plzen KB op-C U18"]
[Site "Plzen"]
[Date "1997.??.??"]
[Round "4"]
[White "Vit, Jiri"]
[Black "Adamek, Frantisek"]
[Result "1/2-1/2"]
[WhiteElo "2050"]
[BlackElo "2050"]
[PlyCount "51"]
[EventDate "1997.??.??"]
[EventType "swiss"]
[EventRounds "9"]
[EventCountry "CZE"]
[SourceTitle "EXT 1998"]
[Source "ChessBase"]
[SourceDate "1997.11.17"]
[SourceVersion "1"]
[SourceVersionDate "1997.11.17"]
[SourceQuality "1"]

1. f4 d5 2. Nf3 c5 3. e3 g6 4. Be2 Nf6 5. b3 Bg7 6. Bb2 0-0 7. 0-0 Nc6 8. h3 Ne4 9. Bxg7 Kxg7 10. Qe1 Nd6 11. Ne5 f6 12. Nxc6 bxc6 13. Nc3 Qa5 14. g4 Ba6 15. Bxa6 Qxa6 16. d3 Qc8 17. e4 dxe4 18. Nxe4 Nxe4 19. Qxe4 Qd7 20. Rae1 Rae8 21. Qc4 h5 22. f5 hxg4 23. hxg4 Rh8 24. Rf4 g5 25. Rf2 Rh4 26. Re4 1/2-1/2

[Event "Plzen KB op-C U18"]
[Site "Plzen"]
[Date "1997.??.??"]
[Round "2"]
[White "Vit, Jiri"]
[Black "Tenk, Petr"]
[Result "1/2-1/2"]
[WhiteElo "2050"]
[BlackElo "1885"]
[PlyCount "23"]
[EventDate "1997.??.??"]
[EventType "swiss"]
[EventRounds "9"]
[EventCountry "CZE"]
[SourceTitle "EXT 1998"]
[Source "ChessBase"]
[SourceDate "1997.11.17"]
[SourceVersion "1"]
[SourceVersionDate "1997.11.17"]
[SourceQuality "1"]

1. e4 e6 2. d4 d5 3. Nc3 Nf6 4. Bg5 Be7 5. e5 Nfd7 6. Bxe7 Qxe7 7. Nb5 Nf8 8. c3 Na6 9. f4 Bd7 10. Na3 Nb8 11. Nf3 a6 12. Be2 1/2-1/2

[Event "CZE-ch qual 3rd"]
[Site "Czech Republic"]
[Date "1996.??.??"]
[Round "6"]
[White "Stankova, Zuzana"]
[Black "Vit, Jiri"]
[Result "1-0"]
[WhiteElo "2130"]
[BlackElo "2075"]
[PlyCount "45"]
[EventDate "1996.??.??"]
[EventType "swiss"]
[EventRounds "9"]
[EventCountry "CZE"]
[SourceTitle "EXT 2001"]
[Source "ChessBase"]
[SourceDate "2000.11.22"]
[SourceVersion "1"]
[SourceVersionDate "2000.11.22"]
[SourceQuality "1"]

1. e4 e5 2. Nf3 Nc6 3. d4 exd4 4. Nxd4 Bc5 5. Nf5 g6 6. Ne3 d6 7. Nc3 Bd4 8. Bd3 Be6 9. 0-0 Qd7 10. Nb5 Bxe3 11. Bxe3 a6 12. Nd4 Nge7 13. Nxc6 Nxc6 14. Bg5 Ne5 15. f4 Nxd3 16. cxd3 Qb5 17. d4 Bd7 18. Bf6 Rg8 19. d5 Kf8 20. Qd2 h6 21. Rae1 Rc8 22. f5 g5 23. Qd1 1-0